[Event "IIFL Wealth 4th Mumbai GM"]
[Site "Mumbai"]
[Date "2019.01.07"]
[Round "9"]
[White "Subhayan Kundu"]
[Black "Anuj Shrivatri"]
[Result "0-1"]
[WhiteElo "2185"]
[BlackElo "2357"]
[Annotator "TA"]
[PlyCount "82"]
[EventDate "2018.12.30"]
[EventType "swiss"]
[EventCountry "IND"]
[SourceTitle "playchess.com"]
[Source "ChessBase"]
[SourceQuality "1"]

{[%evp 21,82,-8,-5,-3,-6,0,-16,-18,-4,-41,-43,-68,-68,-56,-51,-78,-78,-78,-95,-129,-129,-131,-119,-135,-122,-111,-116,-131,-133,-139,-126,-121,-88,-117,-102,-148,-160,-169,-163,-169,-169,-168,-159,-199,-182,-198,-180,-162,-150,-246,-233,-246,-260,-345,-351,-7780,-7685,-5243,-5243,-5243,-519,-5243,-5235]} 1. e4 e5 2. Nf3 Nc6 3. Bc4 Nf6 4. d3 Bc5 5. c3 O-O 6. b4 Be7 7. O-O {C54: Giuoco Piano: 4 c3 Nf6, main lines with 5 d4 and 5 d3} (7. Nbd2 d5 8. Bb3 dxe4 9. dxe4 Qd3 10. Bb2 a5 11. Bc4 Qd6 12. b5 Nd8 13. a4 Ne6 14. Qc2 Nd7 15. O-O Nf4 16. g3 {½-½ (16) Rapport,R (2719)-Kravtsiv,M (2654) Abu Dhabi 2018}) 7... d5 8. exd5 Nxd5 9. b5 Na5 10. Bxd5 Qxd5 11. c4 Qd7 {LiveBook: 8 Games} 12. Bd2 e4 13. Bxa5 exf3 14. Qxf3 a6 15. b6 cxb6 16. Bxb6 {[#]} Bf6 $146 {[%mdl 2048] Black has good play.} 17. d4 Bxd4 18. Rd1 Bxa1 19. Rxd7 Bxd7 20. Nd2 Bc6 21. Qd1 Bf6 22. Nf1 Rfe8 23. Ne3 Re6 24. Ba5 Rae8 25. h3 Re4 26. Bb6 Bg5 {[%cal Rg5e3]} 27. Qd3 Bf4 28. a3 R4e6 29. Bc5 Rg6 {[#] And now ...Bxg2! would win.} 30. g3 Bxe3 31. Bxe3 Rge6 32. Kh2 R6e7 33. g4 Rd7 34. Qc2 h6 35. Kg3 (35. h4 $17) 35... Red8 $19 36. Qf5 Rd1 37. c5 g5 {[%cal Bg7g5,Bg5h4][%mdl 32]} 38. h4 $2 {[#]} (38. Bxg5 hxg5 39. Qxg5+ Kf8 40. Qh6+ Ke7 41. Kh4) 38... Rg1+ {Black is clearly winning.} 39. Kh3 Rh1+ 40. Kg3 gxh4+ 41. Kf4 Rh3 {Precision: White = 42%, Black = 90%.} 0-1

[Event "IIFL Wealth 4th Mumbai GM"]
[Site "Mumbai"]
[Date "2019.01.07"]
[Round "9"]
[White "Surendran N"]
[Black "Sammed Jaykumar, Shete"]
[Result "0-1"]
[WhiteElo "2176"]
[BlackElo "2378"]
[Annotator "TA"]
[PlyCount "50"]
[EventDate "2018.12.30"]
[EventType "swiss"]
[EventCountry "IND"]
[SourceTitle "playchess.com"]
[Source "ChessBase"]
[SourceQuality "1"]

{[%evp 23,50,0,-5,-12,0,-20,0,-41,-44,-39,0,-169,-171,-189,-195,-214,-221,-237,-210,-229,-196,-399,-416,-549,-549,-517,-480,-900,-871]} 1. d4 Nf6 2. c4 g6 3. Nc3 d5 4. cxd5 Nxd5 5. g3 Bg7 6. Bg2 Nxc3 7. bxc3 c5 8. e3 O-O 9. Ne2 Qa5 10. O-O Nc6 11. Bd2 {D71: Fianchetto Grünfeld: 3 g3 d5 sidelines and 5 cxd5 (without Nf3)} Rd8 12. Nc1 (12. Rc1 Qxa2 13. Ra1 Qb2 14. Rb1 Qa2 15. Rb5 cxd4 16. cxd4 {1-0 (44) Jobava,B (2698)-Van Kampen,R (2643) Germany 2017}) 12... Qc7 {LiveBook: 4 Games} 13. Nb3 {The position is equal.} c4 14. Nc1 Rb8 15. f4 $146 ({Predecessor:} 15. e4 b5 16. Qc2 Bg4 17. Be3 b4 18. e5 bxc3 19. Qxc3 {½-½ (46) Panman,H-Luesse,B ICCF corr 1990}) 15... b5 16. Ne2 b4 17. d5 $2 {[#]} (17. cxb4 $11 Nxb4 18. Rb1) 17... Bg4 $1 $36 {[%mdl 2048] aiming for ...bxc3. Keeping White busy.} 18. Rc1 {[#]} e6 $1 {[%cal Be7e6,Be6d5,Bd5d4][%mdl 32]} 19. cxb4 Nxb4 20. Bxb4 Rxb4 21. Qe1 Rb2 22. Nc3 $2 (22. Nd4 {keeps fighting.}) 22... exd5 23. Rf2 Rxf2 {Black is clearly winning.} 24. Qxf2 d4 {Hoping for ...dxe3.} 25. Nb5 (25. Nd5 $142 Qc5 26. e4) 25... Qc5 {Accuracy: White = 26%, Black = 81%.} 0-1

[Event "IIFL Wealth 4th Mumbai GM"]
[Site "Mumbai"]
[Date "2019.01.07"]
[Round "9"]
[White "Subrota, Biswas"]
[Black "Siva Mahadevan"]
[Result "1/2-1/2"]
[WhiteElo "2171"]
[BlackElo "2333"]
[Annotator "NA"]
[PlyCount "74"]
[EventDate "2018.12.30"]
[EventType "swiss"]
[EventCountry "IND"]
[SourceTitle "playchess.com"]
[Source "ChessBase"]
[SourceQuality "1"]
[TimeControl "40/5400+30:1800+30"]

1. e4 {[%emt 0:04:10]} c5 {[%emt 0:00:00]} 2. Nf3 {[%emt 0:00:04]} d6 {[%emt 0:00:00]} 3. Nc3 {[%emt 0:00:26]} Nf6 {[%emt 0:00:00]} 4. d4 {[%emt 0:00:08]} cxd4 {[%emt 0:00:03]} 5. Nxd4 {[%emt 0:00:15]} Nc6 {[%emt 0:00:09]} 6. Bc4 {[%emt 0:00:32]} e6 {[%emt 0:00:07]} 7. Bb3 {[%emt 0:00:33]} a6 {[%emt 0:00:06]} 8. Be3 {[%emt 0:04:12]} Qc7 {[%emt 0:00:12]} 9. f4 {[%emt 0:02:15]} Na5 {[%emt 0:02:03]} 10. Qf3 {[%emt 0:07:26]} b5 {[%emt 0:02:39]} 11. a3 {[%emt 0:10:10]} Be7 {[%emt 0:05:37]} 12. O-O {[%emt 0:01:01]} O-O {[%emt 0:00:54]} 13. Ba2 {[%emt 0:04:10]} Bb7 {[%emt 0:07:06]} 14. Bxe6 {[%emt 0:03:27]} fxe6 {[%emt 0:00:12]} 15. Nxe6 {[%emt 0:00:03]} Qc4 {[%emt 0:00:18]} 16. Nxf8 {[%emt 0:00:21]} Rxf8 {[%emt 0:01:25]} 17. Bb6 {[%emt 0:02:22]} Bd8 {[%emt 0:01:03]} 18. Bxd8 {[%emt 0:08:12]} Rxd8 {[%emt 0:00:03]} 19. Rfe1 {[%emt 0:14:46]} Re8 {[%emt 0:04:05]} 20. b4 {[%emt 0:03:07]} Qd4+ {[%emt 0:04:51]} 21. Qe3 {[%emt 0:08:58]} Qxe3+ {[%emt 0:00:11]} 22. Rxe3 {[%emt 0:00:01]} Nc4 {[%emt 0:00:10]} 23. Re2 {[%emt 0:00:46]} Nxe4 {[%emt 0:00:24]} 24. a4 {[%emt 0:01:10]} Kf7 {[%emt 0:02:16]} 25. Rae1 {[%emt 0:03:16]} d5 {[%emt 0:01:13]} 26. axb5 {[%emt 0:01:02]} axb5 {[%emt 0:00:03]} 27. Nxb5 {[%emt 0:00:39]} Ra8 {[%emt 0:00:22]} 28. Nd4 {[%emt 0:02:51]} Ra4 {[%emt 0:02:25]} 29. b5 {[%emt 0:00:26]} Ncd6 {[%emt 0:04:23]} 30. c3 {[%emt 0:03:28]} Rc4 {[%emt 0:02:29]} 31. Re3 {[%emt 0:02:19]} Rxc3 {[%emt 0:11:34]} 32. Rxc3 {[%emt 0:00:04]} Nxc3 {[%emt 0:00:03]} 33. Rc1 {[%emt 0:04:31]} Ndxb5 {[%emt 0:03:06]} 34. Nxb5 {[%emt 0:00:03]} Nxb5 {[%emt 0:05:47]} 35. Rc5 {[%emt 0:00:16]} Nd6 {[%emt 0:00:02]} 36. Rc7+ {[%emt 0:00:07]} Ke6 {[%emt 0:01:48]} 37. Rxg7 {[%emt 0:00:42]} d4 {[%emt 0:00:06]} 1/2-1/2

[Event "IIFL Wealth 4th Mumbai GM"]
[Site "Mumbai"]
[Date "2019.01.07"]
[Round "9"]
[White "Varshini, V."]
[Black "Varga, Klara"]
[Result "1-0"]
[WhiteElo "2171"]
[BlackElo "2242"]
[Annotator "TA"]
[PlyCount "47"]
[EventDate "2018.12.30"]
[EventType "swiss"]
[EventCountry "IND"]
[SourceTitle "playchess.com"]
[Source "ChessBase"]
[SourceQuality "1"]

{[%evp 20,47,29,10,60,41,66,66,161,91,146,140,181,189,260,258,552,546,569,550,1129,1039,1604,1546,1436,1197,1644,1325,1241,1189]} 1. e4 e6 2. d4 d5 3. Nd2 Be7 4. Ngf3 Nf6 5. e5 Nfd7 6. Bd3 c5 7. c3 Nc6 8. O-O g5 9. dxc5 g4 10. Nd4 {C06: French Tarrasch: 3...Nf6 4 e5 Nfd7 5 Bd3 main lines} Ndxe5 11. N2b3 {LiveBook: 19 Games} Bd7 12. Re1 {White is slightly better.} Nxd3 $146 ({Predecessor:} 12... h5 13. Bf4 Nxd3 14. Qxd3 Nxd4 15. cxd4 Bc6 16. Nd2 Qd7 17. b4 Bb5 {1-0 (36) Dvalishvili,P (2399)-Rychagov,A (2564) Moscow 2011}) 13. Qxd3 Bg5 (13... h5 $14) 14. Nf5 ({Better is} 14. Qf5 $18 Bf6 15. Qxd5 (15. Qxg4 h5 $16)) 14... Kf8 ({Black should play} 14... O-O) 15. Nd6 $16 b6 16. c4 Bxc1 (16... dxc4 $142 17. Qxc4 (17. Nxc4 Be8 $16) 17... h6 18. Bxg5 (18. Qxg4 Rh7 $18) 18... hxg5 19. Qxg4 Qe7) 17. Raxc1 $40 {[%mdl 128] White is out for blood.} ({Don't do} 17. Nxc1 $6 d4 $16) 17... Qg5 $2 {[#]} (17... Ne7 18. cxd5 Nxd5) 18. cxd5 {White is clearly winning.} exd5 19. cxb6 {[%cal Bc5b6,Bb6b7][%mdl 32]} Ne5 20. Qg3 Ng6 21. b7 Rb8 22. Rc8+ Kg7 23. Rxh8 Rxh8 {[#]} 24. Ne8+ $1 {[%mdl 576] Promotion} 1-0

[Event "IIFL Wealth 4th Mumbai GM"]
[Site "Mumbai"]
[Date "2019.01.07"]
[Round "9"]
[White "Nikhil Magizhnan"]
[Black "Kathmale, Sameer"]
[Result "1/2-1/2"]
[WhiteElo "2148"]
[BlackElo "2312"]
[Annotator "TA"]
[PlyCount "80"]
[EventDate "2018.12.30"]
[EventType "swiss"]
[EventCountry "IND"]
[SourceTitle "playchess.com"]
[Source "ChessBase"]
[SourceQuality "1"]

{[%evp 21,80,-17,-8,-41,-10,-19,-12,-15,-10,-16,-12,-35,-33,-59,-53,-59,-48,-58,-54,-96,-59,-51,-53,-67,-63,-50,-4,-61,-60,-61,-61,-60,0,0,0,0,0,2,24,-8,-8,-10,-10,-10,-15,-20,-20,-20,-4,-3,-3,-3,-9,-8,14,-7,8,8,8,8,8]} 1. e4 {[%cal Be2e4,Be4e5][%mdl 32]} c5 2. Nf3 Nc6 3. c3 Nf6 4. e5 Nd5 5. d4 cxd4 6. cxd4 d6 7. Nc3 dxe5 8. dxe5 Nxc3 9. Qxd8+ Nxd8 10. bxc3 Bd7 11. Rb1 {B22: Sicilian: 2 c3} (11. Be3 e6 12. Nd4 Rc8 13. Kd2 a6 14. Rb1 Bc5 15. Bd3 Ba4 16. f4 b5 17. f5 exf5 18. Nxf5 Ne6 19. Rhe1 {0-1 (58) Sveshnikov,E (2502)-Shirov,A (2685) Jurmala 2016}) 11... Rc8 {LiveBook: 5 Games} 12. Bd2 Rc5 13. Be2 g6 14. O-O Bg7 15. Be3 $146 ({Predecessor:} 15. Rbc1 Nc6 16. Be3 Ra5 17. Bd4 O-O 18. h3 Rc8 {0-1 (27) Parente,A (567)-Tausnev,V (1746) LSS email 2011}) 15... Ra5 16. Rb2 O-O 17. Rd1 Ba4 18. Rd4 Bc6 19. Rd1 b6 20. Rbd2 Nb7 21. e6 fxe6 22. Ng5 Ba4 23. Rc1 Re5 24. Nf3 {[#]} (24. Bg4 $11 Nc5 25. Bxc5 Rxc5 26. Nxe6) 24... Rxe3 $1 $15 {[%mdl 512]} 25. fxe3 Bh6 $1 {[%cal Rh6e3]} 26. Kf2 Nd6 ({Better is} 26... Nc5 $15 27. Rd4 e5 28. Rxa4 Nxa4 29. Bc4+ Kg7) 27. Rd4 $11 Bc6 28. Bc4 Rf6 ({Don't play} 28... Nxc4 $6 29. Rxc4 Bd5 30. Rc7 $16) 29. Rcd1 Ne4+ 30. Rxe4 Bxe4 {The position is equal.} 31. Rd7 Kf7 32. Rxa7 Rf5 33. Rc7 Bg7 34. Bb3 Be5 35. Rc4 $1 {[%cal Rc4e4]} Bxf3 36. gxf3 Rh5 37. h4 Bf6 38. Kg3 Rc5 39. Rxc5 bxc5 40. c4 Bc3 {Accuracy: White = 70%, Black = 64%.} 1/2-1/2

[Event "IIFL Wealth 4th Mumbai GM"]
[Site "Mumbai"]
[Date "2019.01.07"]
[Round "9"]
[White "Vantika Agrawal"]
[Black "Tran, Minh Thang"]
[Result "0-1"]
[WhiteElo "2143"]
[BlackElo "2342"]
[Annotator "NA"]
[PlyCount "80"]
[EventDate "2018.12.30"]
[EventType "swiss"]
[EventCountry "IND"]
[SourceTitle "playchess.com"]
[Source "ChessBase"]
[SourceQuality "1"]
[TimeControl "40/5400+30:1800+30"]

1. d4 {[%emt 0:01:27]} Nf6 {[%emt 0:00:00]} 2. Nf3 {[%emt 0:01:20]} e6 {[%emt 0:00:26]} 3. c4 {[%emt 0:00:12]} b6 {[%emt 0:00:42]} 4. g3 {[%emt 0:00:37]} Bb7 {[%emt 0:00:12]} 5. Bg2 {[%emt 0:00:55]} Be7 {[%emt 0:00:09]} 6. O-O {[%emt 0:00:08]} O-O {[%emt 0:00:06]} 7. Nc3 {[%emt 0:00:51]} Ne4 {[%emt 0:00:08]} 8. Qc2 {[%emt 0:00:41]} Nxc3 {[%emt 0:00:37]} 9. Qxc3 {[%emt 0:04:08]} Be4 {[%emt 0:00:22]} 10. Rd1 {[%emt 0:00:35]} Bf6 {[%emt 0:00:18]} 11. Bf4 {[%emt 0:12:42]} d6 {[%emt 0:04:19]} 12. Rac1 {[%emt 0:25:22]} Nd7 {[%emt 0:00:55]} 13. Qe3 {[%emt 0:10:21]} Bb7 {[%emt 0:02:50]} 14. Qd3 {[%emt 0:01:38]} Re8 {[%emt 0:02:29]} 15. Ng5 {[%emt 0:07:14]} Bxg5 {[%emt 0:01:25]} 16. Bxg5 {[%emt 0:09:09]} Qc8 {[%emt 0:00:52]} 17. e4 {[%emt 0:04:04]} e5 {[%emt 0:01:57]} 18. f3 {[%emt 0:14:07]} exd4 {[%emt 0:02:23]} 19. Qxd4 {[%emt 0:00:09]} Ne5 {[%emt 0:00:19]} 20. Bd2 {[%emt 0:01:33]} f5 {[%emt 0:00:15]} 21. f4 {[%emt 0:02:04]} Ng4 {[%emt 0:00:42]} 22. Bc3 {[%emt 0:00:17]} Re7 {[%emt 0:00:29]} 23. Re1 {[%emt 0:00:53]} Rf7 {[%emt 0:07:23]} 24. exf5 {[%emt 0:00:46]} Bxg2 {[%emt 0:02:19]} 25. Kxg2 {[%emt 0:00:05]} Qd7 {[%emt 0:00:24]} 26. h3 {[%emt 0:01:00]} Nf6 {[%emt 0:00:07]} 27. Re6 {[%emt 0:00:29]} Raf8 28. Rce1 {[%emt 0:00:30]} Qa4 {[%emt 0:06:08]} 29. g4 {[%emt 0:00:36]} Qxa2 {[%emt 0:00:21]} 30. Re7 {[%emt 0:00:34]} Qa4 {[%emt 0:01:03]} 31. Rxf7 {[%emt 0:00:25]} Rxf7 {[%emt 0:00:01]} 32. Re2 {[%emt 0:00:33]} Qc6+ {[%emt 0:00:19]} 33. Kg3 {[%emt 0:00:32]} Qd7 {[%emt 0:02:30]} 34. Qe3 {[%emt 0:00:26]} Kf8 {[%emt 0:00:25]} 35. Bxf6 {[%emt 0:00:29]} Rxf6 {[%emt 0:01:04]} 36. Qe4 {[%emt 0:00:25]} c6 {[%emt 0:00:14]} 37. Qd4 {[%emt 0:00:26]} d5 {[%emt 0:02:12]} 38. cxd5 {[%emt 0:00:41]} Qxd5 {[%emt 0:00:02]} 39. Qe3 {[%emt 0:00:30]} Qd7 {[%emt 0:00:01]} 40. Qe5 {[%emt 0:00:00]} Rd6 {[%emt 0:00:00]} 0-1

[Event "IIFL Wealth 4th Mumbai GM"]
[Site "Mumbai"]
[Date "2019.01.07"]
[Round "9"]
[White "Rakshitta Ravi"]
[Black "Mahalakshmi, M."]
[Result "0-1"]
[WhiteElo "2141"]
[BlackElo "2219"]
[Annotator "NA"]
[PlyCount "62"]
[EventDate "2018.12.30"]
[EventType "swiss"]
[EventCountry "IND"]
[SourceTitle "playchess.com"]
[Source "ChessBase"]
[SourceQuality "1"]
[TimeControl "40/5400+30:1800+30"]

1. e4 {[%emt 0:00:14]} c6 {[%emt 0:00:00]} 2. d4 {[%emt 0:00:08]} d5 {[%emt 0:00:00]} 3. e5 {[%emt 0:00:12]} c5 {[%emt 0:01:27]} 4. Nf3 {[%emt 0:00:16]} e6 {[%emt 0:01:40]} 5. c4 {[%emt 0:04:01]} cxd4 {[%emt 0:01:14]} 6. Nxd4 {[%emt 0:03:16]} Nc6 {[%emt 0:02:46]} 7. Nc3 {[%emt 0:03:57]} Nge7 {[%emt 0:05:32]} 8. Ndb5 {[%emt 0:09:32]} Nxe5 {[%emt 0:04:41]} 9. cxd5 {[%emt 0:02:33]} Nxd5 {[%emt 0:03:42]} 10. Nxd5 {[%emt 0:02:57]} exd5 {[%emt 0:00:24]} 11. Qxd5 {[%emt 0:17:36]} Bb4+ {[%emt 0:03:19]} 12. Bd2 {[%emt 0:00:07]} Bxd2+ {[%emt 0:02:44]} 13. Qxd2 {[%emt 0:00:02]} Qxd2+ {[%emt 0:01:37]} 14. Kxd2 {[%emt 0:00:02]} O-O {[%emt 0:00:19]} 15. Re1 {[%emt 0:00:13]} Nc6 {[%emt 0:01:33]} 16. Kc1 {[%emt 0:19:23]} Bf5 {[%emt 0:04:09]} 17. Nd6 {[%emt 0:00:32]} Bg6 {[%emt 0:05:57]} 18. b3 {[%emt 0:01:36]} b6 {[%emt 0:05:31]} 19. Kb2 {[%emt 0:02:34]} Rfd8 {[%emt 0:04:31]} 20. Rd1 {[%emt 0:00:38]} Rd7 {[%emt 0:01:02]} 21. Bb5 {[%emt 0:09:37]} Rad8 {[%emt 0:02:24]} 22. Rhe1 {[%emt 0:00:26]} h6 {[%emt 0:02:08]} 23. Bxc6 {[%emt 0:00:19]} Rxd6 {[%emt 0:00:06]} 24. Rxd6 {[%emt 0:00:13]} Rxd6 {[%emt 0:00:02]} 25. Re8+ {[%emt 0:00:34]} Kh7 {[%emt 0:00:03]} 26. Bf3 {[%emt 0:00:12]} Rd2+ {[%emt 0:02:19]} 27. Ka1 {[%emt 0:00:02]} Rxf2 {[%emt 0:01:20]} 28. Ra8 {[%emt 0:00:07]} Rf1+ {[%emt 0:02:28]} 29. Kb2 {[%emt 0:00:01]} Rf2+ {[%emt 0:03:01]} 30. Ka1 {[%emt 0:00:11]} a5 {[%emt 0:01:15]} 31. Rb8 {[%emt 0:00:58]} Bd3 {[%emt 0:03:39]} 0-1

[Event "IIFL Wealth 4th Mumbai GM"]
[Site "Mumbai"]
[Date "2019.01.07"]
[Round "9"]
[White "Gandhi, Anish"]
[Black "Banerjee, Sushant"]
[Result "1-0"]
[WhiteElo "2134"]
[BlackElo "2198"]
[Annotator "NA"]
[PlyCount "42"]
[EventDate "2018.12.30"]
[EventType "swiss"]
[EventCountry "IND"]
[SourceTitle "playchess.com"]
[Source "ChessBase"]
[SourceQuality "1"]
[TimeControl "40/5400+30:1800+30"]

1. Nf3 {[%emt 0:00:00]} Nf6 {[%emt 0:00:32]} 2. c4 {[%emt 0:00:30]} c5 {[%emt 0:00:40]} 3. Nc3 {[%emt 0:02:00]} e6 {[%emt 0:00:11]} 4. g3 {[%emt 0:00:14]} d5 {[%emt 0:00:23]} 5. cxd5 {[%emt 0:00:51]} exd5 {[%emt 0:00:17]} 6. d4 {[%emt 0:00:15]} Nc6 {[%emt 0:00:07]} 7. Bg2 {[%emt 0:00:30]} Be7 {[%emt 0:00:13]} 8. O-O {[%emt 0:00:51]} Be6 {[%emt 0:00:25]} 9. dxc5 {[%emt 0:02:39]} Bxc5 {[%emt 0:00:51]} 10. Na4 {[%emt 0:02:21]} Be7 {[%emt 0:00:36]} 11. Nd4 {[%emt 0:02:24]} Nxd4 {[%emt 0:04:17]} 12. Qxd4 {[%emt 0:01:05]} O-O {[%emt 0:00:06]} 13. Nc5 {[%emt 0:09:35]} Bg4 {[%emt 0:04:45]} 14. Bg5 {[%emt 0:09:44]} b6 {[%emt 0:13:31]} 15. Bxf6 {[%emt 0:12:58]} Bxf6 {[%emt 0:00:18]} 16. Qxg4 {[%emt 0:00:17]} bxc5 {[%emt 0:00:11]} 17. Rfd1 {[%emt 0:06:44]} Rb8 {[%emt 0:06:38]} 18. Bxd5 {[%emt 0:03:04]} Qc8 {[%emt 0:02:12]} 19. Qxc8 {[%emt 0:09:33]} Rd8 20. Qxb8 Rxb8 {[%emt 0:02:39]} 21. Rac1 {[%emt 0:03:58]} Be5 {[%emt 0:11:50]} 1-0

[Event "IIFL Wealth 4th Mumbai GM"]
[Site "Mumbai"]
[Date "2019.01.07"]
[Round "9"]
[White "Saksham Rautela"]
[Black "Wagh Suyog"]
[Result "1/2-1/2"]
[WhiteElo "2123"]
[BlackElo "2240"]
[Annotator "TA"]
[PlyCount "46"]
[EventDate "2018.12.30"]
[EventType "swiss"]
[EventCountry "IND"]
[SourceTitle "playchess.com"]
[Source "ChessBase"]
[SourceQuality "1"]

{[%evp 19,46,21,15,0,21,8,21,16,25,10,16,0,-8,-3,-6,-14,-22,-66,0,0,0,-36,0,0,5,-35,0,0,0]} 1. e4 e5 2. Nf3 Nc6 3. Bb5 a6 4. Bxc6 dxc6 5. O-O Qf6 6. d4 {C68: Ruy Lopez: Exchange Variation, sidelines} exd4 7. Bg5 Qd6 8. Nxd4 Bd7 9. Nc3 (9. c3 Ne7 10. Nd2 O-O-O 11. Kh1 Qg6 12. Be3 f5 13. f3 c5 {½-½ (73) Duda,J (2737)-Karjakin,S (2773) chess.com INT 2018}) 9... Be7 10. Bxe7 Nxe7 {LiveBook: 72 Games} 11. Nb3 O-O-O 12. Qe2 $146 ({Predecessor:} 12. Qf3 Ng6 13. Rad1 Qe7 {1-0 (35) Solak,D (2596)-Abramovic,B (2488) Subotica 2008}) 12... Ng6 13. Rad1 Qe7 14. Qe3 {[#] White wants to mate with Qa7.} Kb8 15. Nc5 Bc8 16. Rxd8 Rxd8 17. Rd1 Re8 18. f4 f6 (18... f5 $15) 19. Nd3 Nf8 20. Nf2 Ng6 21. Nd3 Nf8 22. Nf2 Ng6 23. Nd3 Nf8 {Accuracy: White = 33%, Black = 49%.} 1/2-1/2

[Event "IIFL Wealth 4th Mumbai GM"]
[Site "Mumbai"]
[Date "2019.01.07"]
[Round "9"]
[White "Tarun Kanyamarala"]
[Black "Larmet, Nino"]
[Result "1-0"]
[WhiteElo "2120"]
[BlackElo "1835"]
[Annotator "TA"]
[PlyCount "79"]
[EventDate "2018.12.30"]
[EventType "swiss"]
[EventCountry "IND"]
[SourceTitle "playchess.com"]
[Source "ChessBase"]
[SourceQuality "1"]

{[%evp 21,79,59,69,52,47,59,210,199,207,205,179,90,216,70,135,132,132,134,133,125,158,157,174,137,179,174,241,242,321,307,316,267,261,244,279,270,484,482,456,466,422,265,608,608,906,606,606,606,606,571,716,708,716,716,745,736,945,938,922,906]} 1. d4 Nf6 2. c4 e6 3. Nf3 d5 4. Nc3 c6 5. e3 Nbd7 6. Qc2 Bd6 7. Bd3 dxc4 8. Bxc4 b5 9. Be2 {D46: Semi-Slav: 5 e3 Nbd7 6 Bd3, Black avoids the Meran} Bb7 10. O-O a6 11. e4 e5 {LiveBook: 8 Games} 12. dxe5 Nxe5 13. Nh4 $146 {[%cal Bf3h4,Bh4f5,Bf5d6][%mdl 32]} ({Predecessor:} 13. Nxe5 Bxe5 14. Be3 O-O 15. f4 Bd4 16. Bxd4 Qxd4+ 17. Kh1 b4 18. e5 bxc3 19. bxc3 Qd8 20. exf6 Qxf6 {½-½ (20) Feller,S (2657)-Vallejo Pons,F (2707) Aix les Bains 2011}) 13... Nfg4 $2 (13... O-O $14) 14. Nf5 $18 {Strongly threatening Rd1.} g6 15. Nxd6+ Qxd6 16. g3 ({White should try} 16. Bf4 $18) 16... Nf6 (16... O-O $16) 17. f4 (17. Bh6 $18) 17... Ned7 (17... Qc5+ $1 $14 18. Kg2 Ned7) 18. Bf3 $16 Qc5+ 19. Qf2 Qxf2+ 20. Kxf2 h5 21. e5 Ng4+ 22. Kg2 O-O-O {[#]} 23. Ne4 $1 {[%cal Re4d6] And now Nd6+ would win.} Kc7 (23... Nb6 $142 24. Nd6+ Rxd6) 24. Nd6 $18 f6 25. Nf7 {[%mdl 64] Double Attack} fxe5 26. Nxh8 ({Don't do} 26. Nxd8 Rxd8 27. h3 Ngf6 $18) 26... Rxh8 27. h3 Ngf6 {[#]} 28. fxe5 $1 Nxe5 $2 (28... Nd5 {was called for.} 29. Bf4 Nc5) 29. Bf4 Nfd7 30. Rfe1 Re8 31. Re3 Kd6 $2 (31... g5) 32. Rd1+ {White is clearly winning.} Ke6 33. Rxd7 Kxd7 34. Rxe5 Rxe5 35. Bxe5 Ke6 36. Bf4 Kf5 37. h4 a5 38. Kf2 a4 39. a3 Ba8 40. Ke3 {Accuracy: White = 67%, Black = 21%.} 1-0

[Event "IIFL Wealth 4th Mumbai GM"]
[Site "Mumbai"]
[Date "2019.01.07"]
[Round "9"]
[White "Prajesh R"]
[Black "Mrudul Dehankar"]
[Result "0-1"]
[WhiteElo "2102"]
[BlackElo "2199"]
[Annotator "NA"]
[PlyCount "27"]
[EventDate "2018.12.30"]
[EventType "swiss"]
[EventCountry "IND"]
[SourceTitle "playchess.com"]
[Source "ChessBase"]
[SourceQuality "1"]
[TimeControl "40/5400+30:1800+30"]

1. d4 {[%emt 0:00:00]} Nf6 {[%emt 0:00:54]} 2. Nf3 {[%emt 0:00:00]} e6 {[%emt 0:00:06]} 3. Bg5 {[%emt 0:00:05]} h6 {[%emt 0:01:02]} 4. Bxf6 {[%emt 0:00:05]} Qxf6 {[%emt 0:00:19]} 5. e4 {[%emt 0:00:27]} d6 {[%emt 0:00:54]} 6. Bd3 {[%emt 0:09:45]} Nc6 {[%emt 0:03:25]} 7. Nc3 {[%emt 0:01:15]} a6 {[%emt 0:06:29]} 8. Qd2 {[%emt 0:11:40]} Bd7 {[%emt 0:07:13]} 9. Qe3 {[%emt 0:02:09]} g5 {[%emt 0:12:49]} 10. e5 {[%emt 0:08:07]} dxe5 {[%emt 0:11:10]} 11. dxe5 {[%emt 0:21:05]} Qe7 {[%emt 0:12:48]} 12. h3 {[%emt 0:25:14]} Qb4 {[%emt 0:15:25]} 13. O-O-O {[%emt 0:02:03]} O-O-O {[%emt 0:02:03]} 14. Kb1 {[%emt 0:08:28]} 0-1

[Event "IIFL Wealth 4th Mumbai GM"]
[Site "Mumbai"]
[Date "2019.01.07"]
[Round "9"]
[White "Thipsay, Bagyashree Sathe"]
[Black "Divya Deshmukh"]
[Result "1-0"]
[WhiteElo "2028"]
[BlackElo "2190"]
[Annotator "NA"]
[PlyCount "39"]
[EventDate "2018.12.30"]
[EventType "swiss"]
[EventCountry "IND"]
[SourceTitle "playchess.com"]
[Source "ChessBase"]
[SourceQuality "1"]
[TimeControl "40/5400+30:1800+30"]

1. e4 {[%emt 0:01:42]} c5 {[%emt 0:00:00]} 2. Nf3 {[%emt 0:00:07]} d6 {[%emt 0:00:00]} 3. d4 {[%emt 0:00:05]} cxd4 {[%emt 0:00:00]} 4. Nxd4 {[%emt 0:00:05]} Nf6 {[%emt 0:00:00]} 5. Nc3 {[%emt 0:00:06]} a6 {[%emt 0:00:02]} 6. Be2 {[%emt 0:00:03]} e6 {[%emt 0:00:04]} 7. O-O {[%emt 0:00:57]} Be7 {[%emt 0:00:05]} 8. f4 {[%emt 0:00:13]} Qc7 {[%emt 0:00:06]} 9. Kh1 {[%emt 0:02:22]} Nc6 {[%emt 0:01:46]} 10. Be3 {[%emt 0:00:48]} O-O {[%emt 0:00:51]} 11. Qe1 {[%emt 0:01:14]} Na5 {[%emt 0:02:44]} 12. Rd1 {[%emt 0:05:06]} b5 {[%emt 0:03:51]} 13. Bd3 {[%emt 0:12:27]} Bb7 {[%emt 0:01:34]} 14. Bc1 {[%emt 0:07:02]} Nd7 {[%emt 0:14:07]} 15. Nce2 {[%emt 0:22:02]} Rac8 {[%emt 0:15:42]} 16. b3 {[%emt 0:07:46]} Bf6 {[%emt 0:19:45]} 17. Bd2 {[%emt 0:06:24]} Nc4 {[%emt 0:06:43]} 18. Bc1 {[%emt 0:04:30]} Ncb6 {[%emt 0:01:09]} 19. Bb2 {[%emt 0:09:08]} Nc5 {[%emt 0:02:21]} 20. Ng3 {[%emt 0:00:29]} 1-0